[Event "Turniej Blitza na II Lidze Juniorów 2018"]
[Site "Szczyrk, Poland"]
[Date "2018.07.26"]
[Round "1.62"]
[White "Krzyzosiak, Marta"]
[Black "Kubik, Rafal"]
[Result "1-0"]
[TimeControl "3'+2\""]
[WhiteElo "1461"]
[BlackElo "1077"]

1. e4 {[%clk 00:03:02]} {[%emt 00:00:01]} e6 {[%clk 00:03:03]} {[%emt
00:00:01]} 2. d4 {[%clk 00:03:01]} {[%emt 00:00:03]} d5 {[%clk 00:03:05]} 3.
Nc3 {[%clk 00:02:58]} {[%emt 00:00:06]} Nf6 {[%clk 00:03:06]} 4. e5 {[%clk
00:02:56]} {[%emt 00:00:04]} Nfd7 {[%clk 00:03:07]} {[%emt 00:00:02]} 5. Nf3
{[%clk 00:02:54]} {[%emt 00:00:03]} Bb4 {[%clk 00:03:08]} {[%emt 00:00:01]} 6.
Bd2 {[%clk 00:02:51]} {[%emt 00:00:05]} h6 {[%clk 00:03:08]} {[%emt 00:00:02]}
7. a3 {[%clk 00:02:49]} {[%emt 00:00:03]} Ba5 {[%clk 00:03:09]} 8. Be2 {[%clk
00:02:45]} {[%emt 00:00:07]} O-O {[%clk 00:03:09]} {[%emt 00:00:02]} 9. O-O
{[%clk 00:02:45]} {[%emt 00:00:02]} Nb6 {[%clk 00:03:01]} {[%emt 00:00:10]} 10.
b4 {[%clk 00:02:45]} {[%emt 00:00:02]} Bxb4 {[%clk 00:03:02]} 11. axb4 {[%clk
00:02:45]} {[%emt 00:00:02]} Nc6 {[%clk 00:03:01]} {[%emt 00:00:03]} 12. Nb5
{[%clk 00:02:43]} {[%emt 00:00:04]} a6 {[%clk 00:02:59]} {[%emt 00:00:03]} 13.
Na3 {[%clk 00:02:43]} {[%emt 00:00:03]} Bd7 {[%clk 00:02:59]} {[%emt 00:00:03]}
14. c3 {[%clk 00:02:43]} Qe7 {[%clk 00:02:56]} {[%emt 00:00:05]} 15. Nc2 {[%clk
00:02:40]} {[%emt 00:00:05]} f5 {[%clk 00:02:54]} {[%emt 00:00:05]} 16. Bf4
{[%clk 00:02:32]} {[%emt 00:00:09]} Ra7 {[%clk 00:02:48]} {[%emt 00:00:08]} 17.
h3 {[%clk 00:02:32]} {[%emt 00:00:03]} Rfa8 {[%clk 00:02:48]} {[%emt 00:00:01]}
18. Ne3 {[%clk 00:02:26]} {[%emt 00:00:08]} a5 {[%clk 00:02:47]} {[%emt
00:00:03]} 19. bxa5 {[%clk 00:02:24]} {[%emt 00:00:03]} Rxa5 {[%clk 00:02:48]}
{[%emt 00:00:01]} 20. Rxa5 {[%clk 00:02:24]} {[%emt 00:00:03]} Rxa5 {[%clk
00:02:49]} {[%emt 00:00:01]} 21. Qd2 {[%clk 00:02:06]} {[%emt 00:00:20]} Ra3
{[%clk 00:02:46]} {[%emt 00:00:05]} 22. Nc2 {[%clk 00:02:03]} {[%emt 00:00:04]}
Rb3 {[%clk 00:02:39]} {[%emt 00:00:10]} 23. Ra1 {[%clk 00:01:48]} {[%emt
00:00:16]} Qf7 {[%clk 00:02:23]} {[%emt 00:00:19]} 24. Nb4 {[%clk 00:01:32]}
{[%emt 00:00:18]} Nxb4 {[%clk 00:02:19]} {[%emt 00:00:07]} 25. cxb4 {[%clk
00:01:32]} Qe7 {[%clk 00:02:19]} {[%emt 00:00:02]} 26. Qc2 {[%clk 00:01:25]}
{[%emt 00:00:08]} Rxb4 {[%clk 00:02:19]} {[%emt 00:00:03]} 27. Qxc7 {[%clk
00:01:25]} {[%emt 00:00:03]} Nc4 {[%emt 00:00:10]} 28. Bxc4 {[%clk 00:01:21]}
{[%emt 00:00:04]} Rxc4 {[%clk 00:02:12]} {[%emt 00:00:02]} 29. Qxb7 {[%clk
00:01:20]} {[%emt 00:00:02]} Kf7 {[%clk 00:02:12]} {[%emt 00:00:02]} 30. Qb3
{[%clk 00:01:17]} {[%emt 00:00:06]} Qd8 {[%clk 00:02:07]} {[%emt 00:00:07]} 31.
Ra7 {[%clk 00:01:16]} {[%emt 00:00:03]} g5 {[%clk 00:02:06]} {[%emt 00:00:04]}
32. Bd2 {[%clk 00:01:13]} {[%emt 00:00:04]} Rc8 {[%clk 00:01:45]} {[%emt
00:00:19]} 33. Qb7 {[%clk 00:01:06]} {[%emt 00:00:13]} Ke8 {[%clk 00:01:43]}
{[%emt 00:00:04]} 34. Bb4 {[%clk 00:00:51]} {[%emt 00:00:17]} Bc6 {[%clk
00:01:34]} {[%emt 00:00:09]} 35. Qf7# {[%emt 00:00:10]} 1-0

[Event "Turniej Blitza na II Lidze Juniorów 2018"]
[Site "Szczyrk, Poland"]
[Date "2018.07.26"]
[Round "1.46"]
[White "Kupczak, Antoni"]
[Black "Kaminski, Jakub"]
[Result "0-1"]
[TimeControl "3'+2\""]
[WhiteElo "1566"]
[BlackElo "1147"]

1. d4 {[%clk 00:02:58]} {[%emt 00:00:05]} d5 {[%clk 00:03:04]} 2. c4 {[%clk
00:02:58]} {[%emt 00:00:02]} e6 {[%clk 00:03:06]} {[%emt 00:00:01]} 3. Nc3
{[%emt 00:00:02]} Nf6 4. a3 {[%clk 00:02:56]} {[%emt 00:00:04]} Nbd7 {[%clk
00:03:06]} {[%emt 00:00:03]} 5. Bg5 {[%clk 00:02:51]} {[%emt 00:00:06]} Be7
{[%clk 00:03:07]} {[%emt 00:00:01]} 6. e3 {[%clk 00:02:44]} {[%emt 00:00:09]}
O-O {[%clk 00:03:07]} {[%emt 00:00:02]} 7. Bd3 {[%clk 00:02:42]} {[%emt
00:00:03]} dxc4 {[%clk 00:03:08]} {[%emt 00:00:02]} 8. Bxc4 {[%clk 00:02:43]}
{[%emt 00:00:02]} b6 {[%clk 00:03:09]} 9. Nf3 {[%clk 00:02:34]} {[%emt
00:00:09]} Bb7 {[%clk 00:03:10]} {[%emt 00:00:02]} 10. O-O {[%clk 00:02:27]}
{[%emt 00:00:09]} h6 {[%emt 00:00:01]} 11. Bf4 {[%clk 00:02:13]} {[%emt
00:00:16]} Rc8 {[%clk 00:02:59]} {[%emt 00:00:14]} 12. Ne5 {[%clk 00:01:52]}
{[%emt 00:00:23]} Nxe5 {[%clk 00:02:45]} {[%emt 00:00:16]} 13. Bxe5 {[%clk
00:01:40]} {[%emt 00:00:13]} c5 {[%clk 00:02:40]} {[%emt 00:00:07]} 14. Qb3
{[%clk 00:01:18]} {[%emt 00:00:25]} cxd4 {[%clk 00:02:36]} {[%emt 00:00:06]} 15.
Bxd4 {[%clk 00:01:14]} {[%emt 00:00:06]} Qc7 {[%clk 00:02:33]} {[%emt
00:00:04]} 16. Nb5 {[%clk 00:00:59]} {[%emt 00:00:18]} Qxc4 {[%clk 00:02:30]}
{[%emt 00:00:05]} 17. Qxc4 {[%clk 00:00:53]} {[%emt 00:00:08]} Rxc4 {[%clk
00:02:31]} {[%emt 00:00:01]} 18. Nxa7 {[%clk 00:00:48]} {[%emt 00:00:07]} Ba6
{[%clk 00:02:11]} {[%emt 00:00:10]} 19. Bxb6 {[%clk 00:00:28]} {[%emt
00:00:34]} Rc2 {[%clk 00:02:05]} {[%emt 00:00:07]} 20. Bd4 {[%clk 00:00:28]}
{[%emt 00:00:03]} Bxf1 {[%clk 00:02:05]} {[%emt 00:00:02]} 0-1

[Event "Turniej Blitza na II Lidze Juniorów 2018"]
[Site "Szczyrk, Poland"]
[Date "2018.07.26"]
[Round "1.12"]
[White "Luczak, Filip"]
[Black "Nowacka, Dorota"]
[Result "1-0"]
[TimeControl "3'+2\""]
[WhiteTitle "CM"]
[WhiteElo "1935"]
[BlackElo "1322"]

1. Nf3 {[%clk 00:03:02]} {[%emt 00:07:30]} c5 {[%clk 00:03:02]} {[%emt
00:00:02]} 2. g3 {[%clk 00:03:02]} {[%emt 00:00:04]} g6 {[%clk 00:03:02]}
{[%emt 00:00:03]} 3. Bg2 {[%clk 00:03:04]} Nc6 {[%clk 00:03:03]} {[%emt
00:00:01]} 4. O-O {[%emt 00:00:02]} Bg7 5. c4 {[%clk 00:03:05]} {[%emt
00:00:01]} d6 {[%clk 00:02:55]} {[%emt 00:00:12]} 6. Nc3 {[%clk 00:03:05]}
{[%emt 00:00:01]} e5 {[%clk 00:02:55]} {[%emt 00:00:02]} 7. d3 {[%clk
00:03:01]} {[%emt 00:00:06]} Nge7 {[%clk 00:02:56]} {[%emt 00:00:02]} 8. a3
{[%clk 00:02:52]} {[%emt 00:00:10]} O-O {[%clk 00:02:55]} {[%emt 00:00:03]} 9.
Rb1 {[%clk 00:02:53]} f5 {[%clk 00:02:51]} {[%emt 00:00:07]} 10. Nd2 {[%clk
00:02:43]} {[%emt 00:00:12]} f4 {[%clk 00:02:44]} {[%emt 00:00:09]} 11. Nde4
{[%clk 00:02:36]} {[%emt 00:00:09]} fxg3 {[%clk 00:02:36]} {[%emt 00:00:09]} 12.
fxg3 {[%clk 00:02:21]} {[%emt 00:00:18]} Rxf1+ {[%clk 00:02:29]} {[%emt
00:00:09]} 13. Qxf1 {[%clk 00:02:21]} {[%emt 00:00:01]} Bf5 {[%emt 00:00:11]}
14. Bg5 {[%clk 00:02:12]} {[%emt 00:00:10]} Nd4 {[%clk 00:02:19]} {[%emt
00:00:04]} 15. Nd5 {[%clk 00:01:59]} {[%emt 00:00:15]} Bf8 {[%clk 00:02:07]}
{[%emt 00:00:14]} 16. h3 {[%clk 00:01:41]} {[%emt 00:00:20]} Bxe4 {[%clk
00:01:51]} {[%emt 00:00:18]} 17. Bxe4 {[%clk 00:01:41]} {[%emt 00:00:03]} Qd7
{[%clk 00:01:35]} {[%emt 00:00:17]} 18. Nf6+ {[%clk 00:01:42]} {[%emt
00:00:02]} Kg7 {[%clk 00:01:34]} {[%emt 00:00:03]} 19. Nxd7 {[%clk 00:01:42]}
{[%emt 00:00:01]} Nef5 {[%clk 00:01:34]} {[%emt 00:00:02]} 20. g4 {[%clk
00:01:36]} {[%emt 00:00:09]} Ng3 {[%clk 00:01:27]} {[%emt 00:00:09]} 21. Qf6+
{[%clk 00:01:30]} {[%emt 00:00:08]} Kg8 {[%clk 00:01:27]} {[%emt 00:00:01]} 22.
Bd5+ {[%clk 00:01:31]} {[%emt 00:00:01]} 1-0

[Event "Turniej Blitza na II Lidze Juniorów 2018"]
[Site "Szczyrk, Poland"]
[Date "2018.07.26"]
[Round "1.42"]
[White "Kaliszuk, Kamil"]
[Black "Chrobot, Tomasz"]
[Result "1-0"]
[TimeControl "3'+2\""]
[WhiteElo "1590"]
[BlackElo "1172"]

1. g3 {[%clk 00:03:04]} d5 {[%clk 00:02:58]} {[%emt 00:00:07]} 2. Bg2 {[%clk
00:03:05]} {[%emt 00:00:01]} c5 {[%clk 00:02:59]} {[%emt 00:00:01]} 3. c4
{[%clk 00:03:06]} e6 {[%clk 00:02:54]} {[%emt 00:00:06]} 4. e3 {[%clk
00:03:06]} {[%emt 00:00:02]} Nf6 {[%clk 00:02:55]} {[%emt 00:00:01]} 5. Ne2
{[%clk 00:03:06]} {[%emt 00:00:02]} Nc6 {[%clk 00:02:54]} {[%emt 00:00:02]} 6.
O-O {[%clk 00:03:06]} {[%emt 00:00:03]} g6 {[%clk 00:02:53]} {[%emt 00:00:03]}
7. b3 {[%clk 00:03:06]} {[%emt 00:00:02]} Bg7 {[%clk 00:02:54]} {[%emt
00:00:01]} 8. Bb2 {[%clk 00:03:07]} {[%emt 00:00:02]} O-O {[%clk 00:02:52]}
{[%emt 00:00:02]} 9. Nf4 {[%clk 00:03:02]} {[%emt 00:00:07]} Ne7 {[%clk
00:02:42]} {[%emt 00:00:12]} 10. Nc3 {[%clk 00:03:03]} {[%emt 00:00:02]} b6
{[%clk 00:02:28]} {[%emt 00:00:16]} 11. d4 {[%clk 00:03:00]} {[%emt 00:00:05]}
Bb7 {[%clk 00:02:28]} {[%emt 00:00:02]} 12. Na4 {[%clk 00:02:53]} {[%emt
00:00:09]} Rc8 {[%clk 00:02:26]} {[%emt 00:00:04]} 13. Rc1 {[%clk 00:02:52]}
{[%emt 00:00:03]} Qd6 {[%clk 00:02:17]} {[%emt 00:00:09]} 14. Ba3 {[%clk
00:02:52]} {[%emt 00:00:05]} dxc4 {[%clk 00:01:35]} {[%emt 00:00:42]} 15. Bxb7
{[%clk 00:02:51]} {[%emt 00:00:03]} Rc7 {[%clk 00:01:31]} {[%emt 00:00:06]} 16.
Bg2 {[%clk 00:02:51]} {[%emt 00:00:02]} cxb3 {[%clk 00:01:30]} {[%emt
00:00:03]} 17. dxc5 {[%clk 00:02:52]} {[%emt 00:00:02]} bxc5 {[%clk 00:01:26]}
{[%emt 00:00:06]} 18. Qxd6 {[%clk 00:02:52]} {[%emt 00:00:02]} Rfc8 {[%clk
00:01:00]} {[%emt 00:00:27]} 19. axb3 {[%clk 00:02:47]} {[%emt 00:00:08]} Nf5
{[%clk 00:00:58]} {[%emt 00:00:04]} 20. Qxc7 {[%clk 00:02:41]} {[%emt
00:00:09]} Rxc7 {[%clk 00:00:57]} {[%emt 00:00:02]} 21. Rxc5 {[%clk 00:02:42]}
{[%emt 00:00:01]} Rxc5 {[%clk 00:00:54]} {[%emt 00:00:05]} 22. Bxc5 {[%clk
00:02:43]} {[%emt 00:00:01]} Nd7 {[%clk 00:00:49]} {[%emt 00:00:06]} 23. Bxa7
{[%clk 00:02:43]} {[%emt 00:00:03]} Ne5 {[%clk 00:00:41]} {[%emt 00:00:11]} 24.
Be4 {[%clk 00:02:42]} {[%emt 00:00:02]} Nd6 {[%clk 00:00:36]} {[%emt 00:00:07]}
25. Bc2 {[%clk 00:02:39]} {[%emt 00:00:04]} Nb5 {[%clk 00:00:28]} {[%emt
00:00:10]} 26. Bd4 {[%clk 00:02:39]} {[%emt 00:00:02]} Nf3+ {[%clk 00:00:27]}
{[%emt 00:00:04]} 27. Kg2 {[%clk 00:02:40]} {[%emt 00:00:01]} Nfxd4 {[%clk
00:00:27]} {[%emt 00:00:02]} 28. exd4 {[%clk 00:02:41]} Nxd4 {[%clk 00:00:25]}
{[%emt 00:00:04]} 29. Rc1 {[%clk 00:02:40]} {[%emt 00:00:02]} Nxc2 {[%clk
00:00:23]} {[%emt 00:00:04]} 30. Rxc2 {[%clk 00:02:42]} {[%emt 00:00:02]} g5
{[%clk 00:00:21]} {[%emt 00:00:04]} 31. Nd3 {[%clk 00:02:41]} {[%emt 00:00:02]}
f5 {[%clk 00:00:17]} {[%emt 00:00:06]} 32. b4 {[%clk 00:02:42]} {[%emt
00:00:01]} h5 {[%clk 00:00:18]} {[%emt 00:00:02]} 33. b5 {[%clk 00:02:42]}
{[%emt 00:00:01]} Bf8 {[%clk 00:00:16]} {[%emt 00:00:04]} 34. b6 {[%clk
00:02:43]} {[%emt 00:00:01]} Bd6 {[%clk 00:00:16]} {[%emt 00:00:02]} 35. b7
{[%clk 00:02:43]} {[%emt 00:00:02]} Kf7 {[%clk 00:00:14]} {[%emt 00:00:03]} 36.
Nb4 {[%clk 00:02:43]} {[%emt 00:00:03]} Bxb4 {[%clk 00:00:09]} {[%emt
00:00:07]} 37. b8=Q {[%clk 00:02:40]} {[%emt 00:00:04]} Be7 {[%clk 00:00:10]}
{[%emt 00:00:03]} 38. Rc7 {[%clk 00:02:40]} Kf6 {[%clk 00:00:10]} {[%emt
00:00:02]} 39. Qb2+ {[%clk 00:02:40]} {[%emt 00:00:02]} Kf7 {[%clk 00:00:08]}
{[%emt 00:00:04]} 40. Qh8 {[%clk 00:02:40]} {[%emt 00:00:02]} g4 {[%clk
00:00:07]} {[%emt 00:00:03]} 41. Qh7+ {[%clk 00:02:41]} {[%emt 00:00:01]} Kf8
{[%clk 00:00:06]} {[%emt 00:00:03]} 42. Qxe7+ {[%clk 00:02:41]} {[%emt
00:00:01]} Kg8 {[%clk 00:00:07]} 43. Qg7# {[%clk 00:02:42]} {[%emt 00:00:01]}
1-0

[Event "Turniej Blitza na II Lidze Juniorów 2018"]
[Site "Szczyrk, Poland"]
[Date "2018.07.26"]
[Round "1.53"]
[White "Sidorczuk, Pawel"]
[Black "Kupiecki, Szymon"]
[Result "0-1"]
[TimeControl "3'+2\""]
[WhiteElo "1120"]
[BlackElo "1519"]

1. e4 {[%clk 00:03:03]} {[%emt 00:08:10]} e5 {[%clk 00:03:03]} {[%emt
00:00:02]} 2. Nf3 {[%clk 00:03:04]} Nc6 {[%clk 00:03:04]} {[%emt 00:00:01]} 3.
Bc4 {[%clk 00:03:05]} Bc5 {[%clk 00:03:04]} {[%emt 00:00:01]} 4. b4 {[%clk
00:03:06]} {[%emt 00:00:01]} Bb6 {[%clk 00:02:53]} {[%emt 00:00:14]} 5. a4
{[%clk 00:03:07]} {[%emt 00:00:02]} a6 {[%clk 00:02:36]} {[%emt 00:00:19]} 6.
a5 {[%clk 00:03:06]} {[%emt 00:00:02]} Ba7 {[%clk 00:02:37]} {[%emt 00:00:01]}
7. c3 {[%clk 00:03:07]} {[%emt 00:00:01]} Nf6 {[%clk 00:02:34]} {[%emt
00:00:04]} 8. Qb3 {[%clk 00:02:29]} {[%emt 00:00:40]} O-O {[%clk 00:02:33]}
{[%emt 00:00:03]} 9. d3 {[%clk 00:02:30]} {[%emt 00:00:02]} h6 {[%clk
00:02:27]} {[%emt 00:00:08]} 10. O-O {[%clk 00:02:30]} {[%emt 00:00:02]} d6
{[%clk 00:02:29]} 11. h3 {[%clk 00:02:22]} {[%emt 00:00:09]} Nh5 {[%clk
00:02:28]} {[%emt 00:00:03]} 12. Kh2 {[%clk 00:02:02]} {[%emt 00:00:22]} Qf6
{[%clk 00:02:18]} {[%emt 00:00:12]} 13. Be3 {[%clk 00:02:01]} {[%emt 00:00:02]}
Nf4 {[%clk 00:01:58]} {[%emt 00:00:22]} 14. Nbd2 {[%clk 00:01:34]} {[%emt
00:00:30]} Qg6 {[%clk 00:01:48]} {[%emt 00:00:12]} 15. Bxf4 {[%clk 00:01:25]}
{[%emt 00:00:11]} exf4 {[%clk 00:01:49]} {[%emt 00:00:02]} 16. Rae1 {[%clk
00:01:16]} {[%emt 00:00:11]} Ne5 {[%clk 00:01:48]} {[%emt 00:00:02]} 17. Nxe5
{[%clk 00:01:11]} {[%emt 00:00:07]} dxe5 {[%clk 00:01:50]} 18. Nf3 {[%clk
00:01:12]} {[%emt 00:00:01]} Qh5 {[%clk 00:01:46]} {[%emt 00:00:06]} 19. d4
{[%clk 00:01:00]} {[%emt 00:00:15]} Bxh3 {[%clk 00:01:42]} {[%emt 00:00:06]} 20.
gxh3 {[%clk 00:00:54]} {[%emt 00:00:08]} Qxf3 {[%clk 00:01:42]} {[%emt
00:00:01]} 21. dxe5 {[%clk 00:00:54]} {[%emt 00:00:02]} Bxf2 {[%clk 00:01:42]}
{[%emt 00:00:02]} 22. Rxf2 {[%clk 00:00:43]} {[%emt 00:00:13]} Qxf2+ {[%clk
00:01:43]} {[%emt 00:00:01]} 0-1

[Event "Turniej Blitza na II Lidze Juniorów 2018"]
[Site "Szczyrk, Poland"]
[Date "2018.07.26"]
[Round "1.7"]
[White "Zdybel, Przemyslaw"]
[Black "Praczukowski, Stanislaw"]
[Result "0-1"]
[TimeControl "3'+2\""]
[WhiteElo "1334"]
[BlackElo "2078"]

1. e4 {[%clk 00:03:02]} {[%emt 00:00:03]} c5 {[%clk 00:03:04]} {[%emt
00:00:01]} 2. a3 {[%clk 00:03:03]} d5 {[%clk 00:03:03]} {[%emt 00:00:03]} 3.
exd5 {[%clk 00:03:04]} {[%emt 00:00:02]} Qxd5 {[%clk 00:03:04]} 4. Nc3 {[%clk
00:03:04]} {[%emt 00:00:01]} Qd8 {[%clk 00:03:04]} 5. Nf3 {[%clk 00:03:02]}
{[%emt 00:00:04]} g6 {[%clk 00:03:05]} {[%emt 00:00:03]} 6. Bc4 {[%clk
00:02:57]} {[%emt 00:00:07]} Bg7 {[%clk 00:03:03]} {[%emt 00:00:03]} 7. O-O
{[%clk 00:02:52]} {[%emt 00:00:07]} Nf6 {[%clk 00:03:04]} {[%emt 00:00:01]} 8.
d4 {[%clk 00:02:48]} {[%emt 00:00:06]} cxd4 {[%clk 00:03:02]} {[%emt 00:00:04]}
9. Nxd4 {[%clk 00:02:47]} {[%emt 00:00:03]} O-O {[%clk 00:03:00]} {[%emt
00:00:04]} 10. Be3 {[%clk 00:02:47]} {[%emt 00:00:02]} Ng4 {[%clk 00:02:42]}
{[%emt 00:00:20]} 11. Qd3 {[%clk 00:02:23]} {[%emt 00:00:25]} Qc7 {[%clk
00:02:34]} {[%emt 00:00:11]} 12. f4 {[%clk 00:01:45]} {[%emt 00:00:40]} Nxe3
{[%clk 00:02:34]} {[%emt 00:00:02]} 13. Qxe3 {[%clk 00:01:45]} {[%emt
00:00:03]} Qxc4 {[%clk 00:02:35]} {[%emt 00:00:01]} 14. Rad1 {[%clk 00:01:37]}
{[%emt 00:00:09]} Bg4 {[%clk 00:02:27]} {[%emt 00:00:09]} 15. Rd2 {[%clk
00:01:32]} {[%emt 00:00:07]} Nc6 {[%clk 00:02:25]} {[%emt 00:00:05]} 16. Nxc6
{[%clk 00:01:21]} {[%emt 00:00:12]} bxc6 {[%clk 00:02:21]} {[%emt 00:00:07]} 17.
Ne4 {[%clk 00:01:07]} {[%emt 00:00:16]} Rad8 {[%clk 00:02:12]} {[%emt
00:00:10]} 18. h3 {[%clk 00:00:56]} {[%emt 00:00:13]} Bf5 {[%clk 00:02:09]}
{[%emt 00:00:06]} 19. Rxd8 {[%clk 00:00:48]} {[%emt 00:00:10]} Rxd8 {[%clk
00:02:10]} 20. Ng3 {[%clk 00:00:49]} {[%emt 00:00:02]} Bd4 {[%clk 00:02:11]} 21.
Nxf5 {[%clk 00:00:44]} {[%emt 00:00:07]} gxf5 {[%clk 00:02:12]} {[%emt
00:00:01]} 0-1

[Event "Turniej Blitza na II Lidze Juniorów 2018"]
[Site "Szczyrk, Poland"]
[Date "2018.07.26"]
[Round "1.34"]
[White "Majek, Kacper"]
[Black "Bochenek, Ryszard"]
[Result "1-0"]
[TimeControl "3'+2\""]
[WhiteElo "1687"]
[BlackElo "1205"]

1. b3 {[%clk 00:03:02]} {[%emt 00:00:03]} Nf6 {[%clk 00:03:03]} 2. Bb2 {[%clk
00:03:03]} {[%emt 00:00:01]} d5 {[%clk 00:03:05]} 3. Nf3 {[%clk 00:03:04]}
{[%emt 00:00:01]} c5 {[%clk 00:03:05]} {[%emt 00:00:01]} 4. e3 {[%clk
00:03:05]} {[%emt 00:00:01]} Nc6 {[%clk 00:03:06]} {[%emt 00:00:01]} 5. Bb5
{[%clk 00:03:05]} e6 {[%clk 00:03:05]} {[%emt 00:00:04]} 6. O-O {[%clk
00:03:06]} {[%emt 00:00:02]} Be7 {[%clk 00:03:06]} 7. d4 {[%clk 00:03:06]}
{[%emt 00:00:02]} O-O {[%clk 00:03:04]} {[%emt 00:00:05]} 8. Nbd2 {[%clk
00:03:07]} a6 {[%clk 00:03:03]} {[%emt 00:00:02]} 9. Bxc6 {[%clk 00:03:08]}
bxc6 {[%clk 00:03:05]} 10. Ne5 {[%clk 00:03:09]} {[%emt 00:00:02]} Bb7 {[%clk
00:02:59]} {[%emt 00:00:08]} 11. c4 {[%clk 00:02:59]} {[%emt 00:00:11]} Rc8
{[%clk 00:02:49]} {[%emt 00:00:12]} 12. Qe2 {[%clk 00:02:55]} {[%emt 00:00:06]}
Qb6 {[%clk 00:02:34]} {[%emt 00:00:14]} 13. Ba3 {[%clk 00:02:47]} {[%emt
00:00:13]} Rfe8 {[%clk 00:02:22]} {[%emt 00:00:14]} 14. Rac1 {[%clk 00:02:47]}
{[%emt 00:00:02]} cxd4 {[%clk 00:02:16]} {[%emt 00:00:08]} 15. Bxe7 {[%clk
00:02:30]} {[%emt 00:00:19]} Rxe7 {[%clk 00:02:17]} {[%emt 00:00:02]} 16. c5
{[%clk 00:02:29]} {[%emt 00:00:02]} Qb5 {[%clk 00:02:12]} {[%emt 00:00:06]} 17.
Qxb5 {[%clk 00:02:23]} {[%emt 00:00:09]} axb5 {[%clk 00:02:11]} {[%emt
00:00:03]} 18. exd4 {[%clk 00:02:23]} {[%emt 00:00:03]} Ra8 {[%clk 00:02:11]}
19. Ra1 {[%clk 00:02:19]} {[%emt 00:00:06]} Nd7 {[%clk 00:02:07]} {[%emt
00:00:06]} 20. Nxd7 {[%clk 00:02:09]} {[%emt 00:00:12]} Rxd7 {[%clk 00:02:08]}
{[%emt 00:00:01]} 21. a4 {[%clk 00:02:10]} bxa4 {[%clk 00:02:03]} {[%emt
00:00:07]} 22. bxa4 {[%clk 00:02:11]} {[%emt 00:00:01]} Ba6 {[%clk 00:02:03]}
{[%emt 00:00:02]} 23. Rfb1 {[%clk 00:02:10]} {[%emt 00:00:02]} Bc8 {[%clk
00:01:49]} {[%emt 00:00:16]} 24. Rb6 {[%clk 00:02:09]} {[%emt 00:00:03]} Rc7
{[%clk 00:01:49]} {[%emt 00:00:02]} 25. a5 {[%clk 00:02:09]} {[%emt 00:00:03]}
Ba6 {[%clk 00:01:48]} {[%emt 00:00:03]} 26. Nb1 {[%clk 00:01:56]} {[%emt
00:00:15]} f6 {[%clk 00:01:44]} {[%emt 00:00:06]} 27. Na3 {[%clk 00:01:54]}
{[%emt 00:00:04]} Kf7 {[%clk 00:01:33]} {[%emt 00:00:13]} 28. Nc2 {[%clk
00:01:55]} {[%emt 00:00:01]} Bb5 {[%clk 00:01:22]} {[%emt 00:00:13]} 29. a6
{[%clk 00:01:53]} {[%emt 00:00:04]} Raa7 {[%clk 00:01:11]} {[%emt 00:00:13]} 30.
Ra5 {[%clk 00:01:29]} {[%emt 00:00:24]} Ke7 {[%clk 00:01:08]} {[%emt 00:00:07]}
31. Na3 {[%clk 00:01:30]} {[%emt 00:00:01]} Bd3 {[%clk 00:00:55]} {[%emt
00:00:15]} 32. f3 {[%clk 00:01:30]} {[%emt 00:00:02]} e5 {[%clk 00:00:50]}
{[%emt 00:00:07]} 33. dxe5 {[%clk 00:01:20]} {[%emt 00:00:11]} fxe5 {[%clk
00:00:51]} {[%emt 00:00:02]} 34. Kf2 {[%clk 00:01:21]} Bf5 {[%clk 00:00:51]}
{[%emt 00:00:01]} 35. g4 {[%clk 00:01:17]} {[%emt 00:00:08]} Bg6 {[%clk
00:00:49]} {[%emt 00:00:02]} 36. h4 {[%clk 00:01:18]} {[%emt 00:00:02]} d4
{[%clk 00:00:48]} {[%emt 00:00:03]} 37. h5 {[%clk 00:01:17]} {[%emt 00:00:03]}
Bd3 {[%clk 00:00:47]} {[%emt 00:00:03]} 38. Ke1 {[%clk 00:01:05]} {[%emt
00:00:14]} Ke6 {[%clk 00:00:42]} {[%emt 00:00:08]} 39. Kd2 {[%clk 00:01:05]}
{[%emt 00:00:01]} e4 {[%clk 00:00:42]} {[%emt 00:00:02]} 40. fxe4 {[%clk
00:00:57]} {[%emt 00:00:10]} Bxe4 {[%clk 00:00:43]} {[%emt 00:00:01]} 41. Nb5
{[%clk 00:00:57]} Rf7 {[%clk 00:00:33]} {[%emt 00:00:12]} 42. Nxa7 {[%clk
00:00:56]} {[%emt 00:00:04]} Rf2+ {[%clk 00:00:20]} {[%emt 00:00:15]} 43. Ke1
{[%clk 00:00:54]} {[%emt 00:00:03]} Rh2 {[%clk 00:00:19]} {[%emt 00:00:03]} 44.
Nxc6 {[%clk 00:00:49]} {[%emt 00:00:08]} Rh1+ {[%clk 00:00:20]} {[%emt
00:00:01]} 45. Kf2 {[%clk 00:00:46]} {[%emt 00:00:05]} Rh2+ {[%clk 00:00:20]}
{[%emt 00:00:02]} 46. Ke1 {[%clk 00:00:35]} {[%emt 00:00:13]} Rh1+ {[%clk
00:00:21]} {[%emt 00:00:01]} 47. Kd2 {[%clk 00:00:36]} Rh2+ {[%clk 00:00:20]}
{[%emt 00:00:03]} 48. Kc1 {[%clk 00:00:35]} {[%emt 00:00:03]} Rh1+ {[%clk
00:00:19]} {[%emt 00:00:03]} 49. Kb2 {[%clk 00:00:33]} {[%emt 00:00:03]} Kd5
{[%clk 00:00:18]} {[%emt 00:00:04]} 50. Nb4+ {[%clk 00:00:34]} {[%emt
00:00:02]} Kc4 {[%clk 00:00:18]} {[%emt 00:00:02]} 51. Nc2 {[%clk 00:00:31]}
{[%emt 00:00:04]} Rh2 {[%clk 00:00:13]} {[%emt 00:00:07]} 52. Rb4+ {[%clk
00:00:30]} {[%emt 00:00:02]} Kd3 {[%clk 00:00:14]} {[%emt 00:00:02]} 53. Rxd4+
{[%clk 00:00:28]} {[%emt 00:00:04]} Ke2 {[%clk 00:00:12]} {[%emt 00:00:04]} 54.
Rxe4 {[%clk 00:00:29]} {[%emt 00:00:01]} Kd3 {[%clk 00:00:12]} {[%emt
00:00:01]} 55. Rd4+ {[%clk 00:00:30]} {[%emt 00:00:02]} Ke2 {[%clk 00:00:13]}
56. a7 {[%clk 00:00:31]} 1-0